Normal view
MARC view
- Fernández Bravo, José Antonio
Entry Nombre Personal
001 - NUMERO DE CONTROL
- campo de control: 34540
003 - IDENTIFICADOR DE NUMERO DE CONTROL
- campo de control: UPN
005 - FECHA Y HORA DE LA ÜLTIMA TRANSACCIÓN
- campo de control: 20210219194454.0
008 - DATOS DE LONGITUD FIJA
- campo de control de longitud fija: nabaccnnaabn|||||||||| b |nc|||||d
035 ## - NUMERO DE CONTROL
- Número de control: UPN11000006647
040 ## - FUENTE DE CATALOGACIÓN
- Lenguaje de catalogación: SPA
- Agencia de transcripción: UPN
100 1# - ENCABEZAMIENTO - NOMBRE PERSONAL
- Nombre personal: Fernández Bravo, José Antonio
670 ## - FUENTE EN LA QUE SE LOCALIZARON DATOS
- Cita de la fuente: T
- Uniform Resource Identifier: http://losrufo.hol.es/2013/04/el-arte-de-ensenar-matematicas-jose-antonio-fernandez-bravo/
680 ## - NOTA PUBLICA DE ACCESO PÚBLICO
- Frase explicativa de la referencia: Español doctor en ciencias de la educación, experto en lógica simbólica y matemática
902 ## - CATALOGADOR
- Catalogador: CAA/051213
